Statistiken für Die mächtigsten Länder 2023

Klicken Sie hier um das Quiz zu spielen!

Allgemein

  • Dieses Quiz wurde 380 mal gespielt
  • Das Durchschnittsergebnis liegt bei 12 aus 15

Antwortstatistiken

HintAntwort% Korrekt
3China
99%
2Russland
99%
1USA
99%
9Frankreich
95%
8Japan
91%
5Vereinigtes Königreich
89%
4Indien
87%
12Brasilien
81%
10Italien
78%
6Südkorea
77%
11Türkei
71%
15Ukraine
70%
7Pakistan
60%
14Indonesien
55%
13Ägypten
51%

Verteilung der Resultate

Perzentil nach korrekt beantworteten Fragen

Anzahl Personen mit jedem Resultat

Ihre Resultats-Entwicklung

Sie haben dieses Quiz noch nicht gespielt